Statistics for ATP Men's Tennis End of Year Rankings 2015

Click here to take the quiz!

General Stats

  • This quiz has been taken 47 times
  • The average score is 8 of 15

Answer Stats

HintAnswer% Correct
3Roger Federer
98%
2Andy Murray
95%
1Novak Djokovic
95%
5Rafael Nadal
90%
13Marin Cilic
65%
4Stan Wawrinka
48%
8Kei Nishikori
45%
6Tomáš Berdych
40%
14Milos Raonic
38%
7David Ferrer
33%
9Richard Gasquet
30%
10Jo-Wilfried Tsonga
28%
11John Isner
25%
15Gilles Simon
18%
12Kevin Anderson
13%

Score Distribution

Percentile by Number Answered

Percent of People with Each Score

Your Score History

You have not taken this quiz